| 000 | 01152cam a2200313 i 4500 | ||
|---|---|---|---|
| 001 | 20586747 | ||
| 003 | EG-ScBUE | ||
| 005 | 20230709103040.0 | ||
| 008 | 180717s2019 gw a f b 000 0 eng d | ||
| 020 | _a9783791384849 | ||
| 040 |
_aDLC _beng _erda _cDLC _dDLC _dEG-ScBUE |
||
| 082 | 0 | 4 |
_a709.04 _222 _bBER |
| 100 | 1 |
_aBerecz, Agnes, _eauthor. |
|
| 245 | 1 | 0 |
_a100 years, 100 artworks / _cÁgnes Berecz. |
| 246 | 3 | _aOne hundred years, one hundred artworks | |
| 264 | 1 |
_aMunich ; _aNew York : _bPrestel Publishing, _c2019. |
|
| 300 |
_a216 pages : _bcolor illustrations ; _c28 cm |
||
| 336 |
_atext _btxt _2rdacontent |
||
| 337 |
_aunmediated _bn _2rdamedia |
||
| 338 |
_avolume _bnc _2rdacarrier |
||
| 504 | _aIncludes bibliographical references. | ||
| 650 | 7 |
_aArt, Modern _y20th century _xThemes, motives. _2BUEsh |
|
| 650 | 7 |
_aArt, Modern _y21st century _xThemes, motives. _2BUEsh |
|
| 653 |
_bART _cJuly2023 |
||
| 655 | _vReading book | ||
| 906 |
_a7 _bcbc _corignew _d1 _eecip _f20 _gy-gencatlg |
||
| 942 |
_2ddc _cBB |
||
| 999 |
_c30489 _d30460 |
||